[Event "1800 - 2299 Rated Tournament 6"]
[Site "SchemingMind.com"]
[Date "2024.02.12"]
[Round "-"]
[White "Chessibelle"]
[Black "ray winteringham"]
[Result "0-1"]
[WhiteCountry "ENG"]
[BlackCountry "ENG"]
[WhiteElo "1049"]
[WhiteRD "58"]
[BlackElo "1433"]
[BlackRD "46"]
[GameID "742289"]

1. Nf3 d6 2. e3 e5 3. g3 b6 4. Be2 e4 5. Ng1 Bb7 6. c4 Nf6 7. Nc3 Be7 8. f3 exf3 9. Nxf3 Nbd7 10. O-O h6
11. a3 Rb8 12. b3 O-O 13. d3 Nh7 14. Kf2 Bf6 15. Bd2 Nc5 16. d4 Nd7 17. Qc2 c6 18. a4 c5 19. Qd3 Bxf3 20. Bxf3 Ng5
21. Bd1 Qc8 22. Bc2 Nh3+ 23. Ke2 g6 24. e4 Bxd4 25. Rac1 h5 26. Rf3 Ne5 27. Rf6 Nxd3 28. Bxd3 Bxf6 29. Nd5 Qg4+ 30. Ke3 Bg5+
31. Nf4 Bxf4+ 32. gxf4 Qxf4+ 33. Ke2 Qf2+ 34. Kd1 Nf4 35. Kc2 Nxd3 36. Kxd3 Qd4+ 37. Kc2 Qxe4+ 38. Kb2 Qd3 39. Bc3 Rfe8 40. Ka3 Re3
41. Bf6 Qxb3#
0-1

[Event "1800 - 2299 Rated Tournament 6"]
[Site "SchemingMind.com"]
[Date "2024.02.14"]
[Round "-"]
[White "The Stonewall"]
[Black "Phillip Beckett"]
[Result "1-0"]
[WhiteCountry "ENG"]
[BlackCountry "ENG"]
[WhiteElo "2302"]
[WhiteRD "73"]
[BlackElo "1461"]
[BlackRD "52"]
[GameID "742290"]

1. Nc3 d5 2. e4 dxe4 3. Nxe4 Nf6 4. Nxf6+ exf6 5. Bc4 Be7 6. d4 O-O 7. Ne2 Nd7 8. O-O Nb6 9. Bd3 Bd6 10. c4 Be7
11. Be3 c6 12. Qc2 Bg4 13. Bxh7+ Kh8 14. Bd3 g6 15. f3 Be6 16. Nf4 Bd7 17. a4 a5 18. Qf2 f5 19. d5 cxd5 20. Bxb6 Qc8
21. Rae1 dxc4 22. Rxe7 Be6 23. Qh4+ Kg7 24. Bd4+ Kg8 25. Qh8#
1-0

[Event "1800 - 2299 Rated Tournament 6"]
[Site "SchemingMind.com"]
[Date "2024.02.15"]
[Round "-"]
[White "Phillip Beckett"]
[Black "The Stonewall"]
[Result "0-1"]
[WhiteCountry "ENG"]
[BlackCountry "ENG"]
[WhiteElo "1484"]
[WhiteRD "54"]
[BlackElo "2282"]
[BlackRD "74"]
[GameID "742291"]

1. e4 c5 2. Nf3 e6 3. d4 cxd4 4. Nxd4 Nf6 5. Nc3 Nc6 6. Ndb5 Bc5 7. Nd6+ Ke7 8. Nxc8+ Rxc8 9. Bd3 a6 10. O-O Qc7
11. Kh1 Rhe8 12. f4 d6 13. Qe1 Kf8 14. Be3 Bxe3 15. Qxe3 Nb4 16. a3 Nxd3 17. cxd3 Kg8 18. e5 dxe5 19. fxe5 Ng4 20. Qf4 Nxe5
21. d4 Nc4 22. Qxc7 Rxc7 23. d5 Nxb2 24. dxe6 Rxe6 25. Nd5 Rc2 26. Nb4 Rd2 27. Rab1 Ree2 28. Rg1 a5
0-1

[Event "1800 - 2299 Rated Tournament 6"]
[Site "SchemingMind.com"]
[Date "2024.02.14"]
[Round "-"]
[White "Clive Everill"]
[Black "Phillip Beckett"]
[Result "1-0"]
[WhiteCountry "CZE"]
[BlackCountry "ENG"]
[WhiteElo "1713"]
[WhiteRD "58"]
[BlackElo "1461"]
[BlackRD "52"]
[GameID "742292"]

1. Nf3 Nf6 2. Nc3 g6 3. e4 d6 4. d4 Bg7 5. Be2 O-O 6. O-O Nbd7 7. e5 dxe5 8. dxe5 Ng4 9. e6 fxe6 10. Ng5 Nb6
11. Bxg4 Qxd1 12. Rxd1 h6 13. Bxe6+ Bxe6 14. Nxe6 Rf6 15. Nc5 Raf8 16. f3 e5 17. Nxb7 Rf4 18. Bxf4 exf4 19. Rd3
1-0

[Event "1800 - 2299 Rated Tournament 6"]
[Site "SchemingMind.com"]
[Date "2024.02.13"]
[Round "-"]
[White "Phillip Beckett"]
[Black "Clive Everill"]
[Result "1-0"]
[WhiteCountry "ENG"]
[BlackCountry "CZE"]
[WhiteElo "1461"]
[WhiteRD "52"]
[BlackElo "1713"]
[BlackRD "58"]
[GameID "742293"]

1. e4 c5 2. Nf3 e6 3. d4 g6 4. Nc3 Bg7 5. Be3 cxd4 6. Nxd4 Ne7 7. f3 O-O 8. Qd2 a6 9. O-O-O b5 10. a3 Bb7
11. h4 Nbc6 12. h5 f5 13. hxg6 Nxg6 14. Bh6 f4 15. Bxg7 Kxg7 16. Nxc6 Bxc6 17. Qd4+ e5 18. Qd2 Rb8 19. Nd5 Rf7 20. g4 a5
21. Qh2 Bxd5 22. Qh6+ Kg8 23. Rxd5 b4 24. Rd6 Nf8 25. Bc4 Qe7 26. Rf6 bxa3 27. Rxf7 axb2+ 28. Kb1 Qxf7 29. Bxf7+ Kxf7 30. Qh5+ Ke6
31. Qf5+ Kd6 32. Rd1+
1-0

[Event "1800 - 2299 Rated Tournament 6"]
[Site "SchemingMind.com"]
[Date "2024.02.12"]
[Round "-"]
[White "Martin E. Hardwick"]
[Black "Phillip Beckett"]
[Result "0-1"]
[WhiteCountry "ENG"]
[BlackCountry "ENG"]
[WhiteElo "1137"]
[WhiteRD "73"]
[BlackElo "1461"]
[BlackRD "52"]
[GameID "742294"]

1. e4 e5 2. Nf3 Nc6 3. Bc4 Nf6 4. O-O Be7 5. Nc3 O-O 6. d4 exd4 7. Nxd4 d6 8. Nxc6 bxc6 9. Re1 Bb7 10. Bd3 h6
11. e5 dxe5 12. Be3 Qd7 13. Bh7+ Kxh7 14. Qf3 Qg4 15. Qxg4 Nxg4 16. Rad1 Rad8 17. Rxd8 Rxd8 18. Bxa7 Rd2 19. Re2 Rxe2 20. Nxe2 e4
21. h3 Ne5 22. a3 Nc4 23. Bd4 c5 24. Bc3 e3 25. fxe3 Nxe3 26. Kf2 Nd5 27. Bd2 Bg5 28. Bxg5 hxg5 29. Ng3 Nf4 30. Ne2 Nxe2
31. Kxe2 Kg6 32. Ke3 Bxg2 33. h4 gxh4 34. Kf2 h3 35. Kg1 Kf6 36. Kh2 Ke5 37. a4 c4 38. a5 Kd6 39. a6 Kc5 40. a7 Kb6
41. a8=B Bxa8 42. Kxh3 Kb5 43. Kg3 Kb4 44. Kf2 Be4 45. c3+ Kb3 46. Ke3 Bd3 47. Kd2 Kxb2
0-1

[Event "1800 - 2299 Rated Tournament 6"]
[Site "SchemingMind.com"]
[Date "2024.02.12"]
[Round "-"]
[White "Phillip Beckett"]
[Black "Martin E. Hardwick"]
[Result "1-0"]
[WhiteCountry "ENG"]
[BlackCountry "ENG"]
[WhiteElo "1461"]
[WhiteRD "52"]
[BlackElo "1137"]
[BlackRD "73"]
[GameID "742295"]

1. e4 e5 2. Nf3 Nc6 3. Bb5 Bc5 4. O-O Nf6 5. d3 d6 6. h3 a6 7. Ba4 b5 8. Bb3 Be6 9. c3 Bxb3 10. axb3 Ba7
11. b4 d5 12. exd5 Qxd5 13. Be3 Bxe3 14. fxe3 e4 15. dxe4 Qxd1 16. Rxd1 Rd8 17. Nbd2 O-O 18. e5 Nh5 19. Nb3 Rxd1+ 20. Rxd1 Ng3
21. Rd2 Rd8 22. Rxd8+ Nxd8 23. Kf2 Nf5 24. Nfd4 Nxd4 25. exd4 Nc6 26. Nc5 Nb8 27. Kf3 Kf8 28. e6 fxe6 29. Nxe6+ Kf7 30. Ng5+ Kg8
31. Ne6 c6 32. Ke4 Nd7 33. Nc5 Nxc5+ 34. dxc5 Kf8 35. Ke5 Ke7 36. g4 g6 37. b3 h5 38. gxh5 gxh5 39. c4 bxc4 40. bxc4 Kd7
41. Kf5 Ke7 42. Kg5 Kf7 43. Kxh5 Kg7 44. Kg5 Kh7 45. Kf5 Kg7 46. Ke6 Kf8 47. Kd6 Ke8 48. Kxc6
1-0

[Event "1800 - 2299 Rated Tournament 6"]
[Site "SchemingMind.com"]
[Date "2024.02.12"]
[Round "-"]
[White "Phillip Beckett"]
[Black "Arthur Wilding"]
[Result "1/2-1/2"]
[WhiteCountry "ENG"]
[BlackCountry "WLS"]
[WhiteElo "1461"]
[WhiteRD "52"]
[BlackElo "1102"]
[BlackRD "64"]
[GameID "742296"]

1. e4 e6 2. d4 d5 3. Nd2 Nc6 4. c3 Nf6 5. e5 Nd7 6. Bd3 Ne7 7. f4 c5 8. Ne2 cxd4 9. cxd4 Nc6 10. Nf3 Bb4+
11. Bd2 Bxd2+ 12. Qxd2 O-O 13. O-O f6 14. exf6 Nxf6 15. Ne5 b6 16. Nxc6 Qd6 17. Ne5 a5 18. Ng3 Ba6 19. Bxa6 Rxa6 20. f5 a4
21. fxe6 Qxe6 22. Qd3 Ng4 23. Nxg4 Rxf1+ 24. Rxf1 Qxg4 25. Nf5 Ra8 26. Ne7+ Kh8 27. Nxd5 Rb8 28. Ne3 Qg5 29. Qf5 Qxe3+ 30. Kh1 h6
31. Qe5 Qxe5 32. dxe5 Kg8 33. e6 Re8 34. Re1 Kf8 35. g4 Ke7 36. h4 Kd6 37. Kg2 Rxe6 38. Rxe6+ Kxe6 39. Kf3 Ke5 40. Ke3 g5
41. hxg5 hxg5 42. b4 Kd5 43. Kd3 b5 44. a3 Ke5 45. Ke3 Kd5 46. Kd3=
1/2-1/2

[Event "1800 - 2299 Rated Tournament 6"]
[Site "SchemingMind.com"]
[Date "2024.02.12"]
[Round "-"]
[White "Arthur Wilding"]
[Black "Phillip Beckett"]
[Result "0-1"]
[WhiteCountry "WLS"]
[BlackCountry "ENG"]
[WhiteElo "1102"]
[WhiteRD "64"]
[BlackElo "1461"]
[BlackRD "52"]
[GameID "742297"]

1. d4 d5 2. Nc3 Nf6 3. Nf3 e6 4. e3 c5 5. Bb5+ Bd7 6. Bxd7+ Nbxd7 7. O-O Qb6 8. Kh1 Bd6 9. dxc5 Bxc5 10. Re1 Qc7
11. a3 O-O 12. b4 Bd6 13. Nb5 Qb8 14. Nxd6 Qxd6 15. Qe2 Rfc8 16. Bb2 Qc6 17. Nd4 Qc7 18. c3 Nb6 19. Nb5 Qc4 20. Qxc4 Nxc4
21. Bc1 a6 22. Nd4 Ne5 23. Ne2 Nd3 24. Rf1 Rc7 25. h3 Nxc1 26. Raxc1 Rac8 27. Rc2 Ne4 28. Kg1 Nxc3 29. Nxc3 Rxc3 30. Rfc1 Rxc2
31. Rb1 Rc1+ 32. Rxc1 Rxc1+
0-1

[Event "1800 - 2299 Rated Tournament 6"]
[Site "SchemingMind.com"]
[Date "2024.02.12"]
[Round "-"]
[White "Phillip Beckett"]
[Black "ray winteringham"]
[Result "0-1"]
[WhiteCountry "ENG"]
[BlackCountry "ENG"]
[WhiteElo "1461"]
[WhiteRD "52"]
[BlackElo "1433"]
[BlackRD "46"]
[GameID "742298"]

1. e4 e5 2. Nf3 d6 3. d4 Be7 4. dxe5 f6 5. exf6 Nxf6 6. Nc3 Be6 7. Be2 h6 8. O-O Nbd7 9. Be3 c5 10. Nh4 Qb6
11. Na4 Qc6 12. Nf5 Bxf5 13. exf5 Qxa4 14. Bf3 Qb5 15. b3 Ne5 16. Be2 Qd7 17. Bd3 Nxd3 18. Qxd3 O-O 19. c4 Ng4 20. Rad1 Qxf5
21. Qd5+ Qxd5 22. Rxd5 Nxe3 23. fxe3 Rxf1+ 24. Kxf1 Rf8+ 25. Ke2 b6 26. Rd1 g5 27. g3 g4 28. Rf1 Rxf1 29. Kxf1 Kf7 30. Ke2 Kf6
31. Kd3 Ke5 32. e4 h5 33. Ke3 Bg5+ 34. Kd3 h4 35. a4 hxg3 36. hxg3 Bf4 37. gxf4+ Kxf4 38. e5 dxe5
0-1

[Event "1800 - 2299 Rated Tournament 6"]
[Site "SchemingMind.com"]
[Date "2024.02.12"]
[Round "-"]
[White "ray winteringham"]
[Black "Phillip Beckett"]
[Result "0-1"]
[WhiteCountry "ENG"]
[BlackCountry "ENG"]
[WhiteElo "1433"]
[WhiteRD "46"]
[BlackElo "1461"]
[BlackRD "52"]
[GameID "742299"]

1. d4 d5 2. c4 e6 3. e3 Nf6 4. c5 c6 5. Bd3 Nbd7 6. Bd2 e5 7. Nf3 e4 8. Bc2 exf3 9. Qxf3 Be7 10. b4 O-O
11. Nc3 Re8 12. a3 Bf8 13. O-O-O a5 14. Nb1 axb4 15. Bxb4 b6 16. Kd2 bxc5 17. Bc3 cxd4 18. Bxd4 c5 19. Bb2 Nb6 20. Ke2 Ba6+
21. Ke1 Nc4 22. Bxf6 Qxf6 23. Qxd5 Rad8 24. Qd3 Rxd3 25. Bxd3 Qb2 26. Nd2 Nxd2 27. Rxd2 Qa1+ 28. Ke2 Bxd3+ 29. Rxd3 Qxh1
0-1

[Event "1800 - 2299 Rated Tournament 6"]
[Site "SchemingMind.com"]
[Date "2024.02.12"]
[Round "-"]
[White "Phillip Beckett"]
[Black "Chessibelle"]
[Result "1-0"]
[WhiteCountry "ENG"]
[BlackCountry "ENG"]
[WhiteElo "1461"]
[WhiteRD "52"]
[BlackElo "1049"]
[BlackRD "58"]
[GameID "742300"]

1. e4 e5 2. Nf3 Nc6 3. Bb5 Nge7 4. d3 d6 5. O-O g6 6. h3 Bd7 7. Nc3 a6 8. Ba4 Bg7 9. Ne2 O-O 10. Ng3 b5
11. Bb3 Kh8 12. c3 Na7 13. Ng5 c5 14. Nxf7+ Rxf7 15. a4 Bc6 16. Bxf7 Qf8 17. Bb3 h6 18. f4 Bf6 19. f5 Nac8 20. fxg6 Nxg6
21. Qh5 Ra7 22. Bxh6 Qe7 23. Bg5+ Kg7 24. Qh6#
1-0

[Event "1800 - 2299 Rated Tournament 6"]
[Site "SchemingMind.com"]
[Date "2024.02.12"]
[Round "-"]
[White "Chessibelle"]
[Black "Phillip Beckett"]
[Result "0-1"]
[WhiteCountry "ENG"]
[BlackCountry "ENG"]
[WhiteElo "1043"]
[WhiteRD "61"]
[BlackElo "1484"]
[BlackRD "54"]
[GameID "742301"]

1. Nf3 Nf6 2. d4 d5 3. e3 e6 4. g3 c5 5. Nc3 Nc6 6. Be2 cxd4 7. exd4 Bd6 8. O-O O-O 9. Qd3 a6 10. a3 b5
11. b4 Nb8 12. Be3 Nbd7 13. Bd2 Nb6 14. Bd1 Nc4 15. Bc1 Bb7 16. Ne2 Rc8 17. c3 g6 18. Bc2 Ne4 19. Nh4 f5 20. f4 Qf6
21. Nf3 h6 22. h4 Kh7 23. Kh2 Rg8 24. Qd1 Nb6 25. Qd3 Rh8 26. Qe3 Nc4 27. Qd3 Rcg8 28. Rg1 Kg7 29. Qd1 Kf7 30. a4 g5
31. axb5 axb5 32. Ra7 Rb8 33. Ra2 g4 34. Ne5+ Bxe5 35. fxe5 Ra8 36. Bb3 Rxa2 37. Bxa2 Ra8 38. Bb3 h5 39. Nf4 Qh8 40. Ng2 Nf2
41. Qe2 Ne4 42. Nf4 Nxc3 43. Qc2 Ne4 44. Ba2 Qh7 45. Rg2 Rc8 46. Bb3 Nxe5 47. Qb2 Nc4 48. Qa2 Ra8 49. Qb1 Qh8 50. Qc2 Bc6
51. Qd1 Ra1 52. Qc2 Nf6 53. Qe2 Ne4 54. Qc2 Qxd4 55. Ne2 Qe5 56. Rg1 Qd6 57. Nd4 Kf6 58. Bg5+ Nxg5 59. Rxa1 Ne4 60. Qc1 Qxg3+
61. Kh1 Nf2#
0-1